000 00396nam a22001697a 4500
005 20160625100925.0
008 160625b xxu||||| |||| 00| 0 eng d
020 _a81-89093-45-2
041 _aeng
082 _b9956
100 _aMike, Stella
_92724
245 _aDictionary of Marketing and Sales
260 _bLotus Press
_c2004
300 _a222
650 _aManagement
_9241
942 _cBK
999 _c3918
_d3917